00512nam a2200205Ia 4500003000900000008004100009040001300050040001300063041000800076100001400084100000800098245009000106250001800196260003700214260000900251300001100260300000800271490002100279490000600300IT-RoPAU120407s9999 xx 000 0 und d aIT-RoPAU cIT-RoPAU aita aAmbrosius csan a"Discorsi e lettere II/II. Lettere (36 - 69) Intr. Trad.e note di Gabriele Banterle." aRoma - Milano aCittà Nuova - Bibl. Ambrosiana c1988 a247 p. c cm aOpera Omnia, 20 v1